Másodvetések - szerződések A szegedi ÁFÉSZ ajánlásai
Elmentve itt :
| Dokumentumtípus: | Cikk |
|---|---|
| Megjelent: |
1977-05-05
|
| Sorozat: | Délmagyarország
67 No. 104 |
| Kulcsszavak: | fogyasztási és értékesítési szövetkezetek |
| Online Access: | http://dmarchiv.bibl.u-szeged.hu/108644 |
| LEADER | 00469nab a2200145 i 4500 | ||
|---|---|---|---|
| 001 | delm108644 | ||
| 005 | 20190529112041.0 | ||
| 008 | 190529s1977 hu o 0|| hun d | ||
| 040 | |a SZTE Délmagyarország Archívum |b hun | ||
| 041 | |a hun | ||
| 245 | 0 | 0 | |a Másodvetések - szerződések |h [elektronikus dokumentum] : |b A szegedi ÁFÉSZ ajánlásai |
| 260 | |c 1977-05-05 | ||
| 300 | |a 4 | ||
| 490 | 0 | |a Délmagyarország |v 67 No. 104 | |
| 695 | |a fogyasztási és értékesítési szövetkezetek | ||